| 000 | 00718cam a2200241 4500 | ||
|---|---|---|---|
| 008 | 090401t1991 xxu||||| |||| 00| 0 eng d | ||
| 020 | _a0566090813 | ||
| 035 | _a(Sirsi) u20882 | ||
| 041 | _aeng | ||
| 050 | _a690.25 | ||
| 100 | _aRobson, Patrick | ||
| 245 | _aStructural appraisal of traditional buildings. | ||
| 260 |
_aAldershot _bGower Technical _c1991 |
||
| 300 | _axii,206p. : ill. ; 24cm. | ||
| 350 | _a35 | ||
| 520 | _aSuperseded by 2nd edition 2005, ISBN 1873394683. | ||
| 650 | _aBUILDING DEFECTS | ||
| 650 | _aSTRUCTURAL DEFECTS | ||
| 650 | _aBUILT ENVIRONMENT-BUILDING SURVEYING-STRUCTURAL SURVEYING | ||
| 690 | _aBUILT ENVIRONMENT-BUILDING PATHOLOGY | ||
| 942 | _n0 | ||
| 948 | _c04/03/1997 | ||
| 999 |
_c87891 _d87891 |
||